| 000 | 00709nam a2200229 a 4500 | ||
|---|---|---|---|
| 001 | BRCA_2698 | ||
| 005 | 20190320203929.0 | ||
| 008 | 021208s1956----nyua---###---#000-0#eng-# | ||
| 050 | 4 |
_aDD247 _b.S33 1956 |
|
| 100 | 1 |
_aSchellenberg, Walter _d1910-1952 _97637 |
|
| 245 | 1 | 0 |
_aThe labyrinth _bmemoirs _cWalter Schellenberg ; Introd. by Alan Bullock; tr. by Louis Hagen. |
| 260 |
_aNew York _bHarper _c1956 |
||
| 300 |
_axx, 423 p. _bil. _c22 cm. |
||
| 500 | _aIncluye índice alfabético | ||
| 500 | _aAA4 | ||
| 650 | 1 | 4 |
_aGuerra Mundial _y1939-1945 _97638 |
| 650 | 1 | 4 |
_aServicio secreto _zAlemania _97639 |
| 700 | 1 |
_aBullock, Alan _97640 |
|
| 700 | 1 |
_aHagen, Louis _etr _97641 |
|
| 902 | _aGFM | ||
| 942 |
_2lcc _cB |
||
| 999 |
_c2438 _d2438 |
||